[Event "Wch U18"]
[Site "Montesilvano"]
[Date "2023.11.15"]
[Round "3"]
[White "Manish, Anto Cristiano F"]
[Black "Miazhynski, Michael"]
[Result "1-0"]
[WhiteElo "2366"]
[BlackElo "2109"]
[PlyCount "69"]
[EventDate "2023.11.13"]
[EventType "swiss"]
[EventRounds "11"]
[EventCountry "ITA"]
[SourceTitle "CB48_2023"]
[SourceDate "2023.11.29"]
[SourceVersion "1"]
[SourceVersionDate "2023.11.29"]
[SourceQuality "1"]

1. e4 c6 2. d4 d5 3. Nc3 dxe4 4. Nxe4 Nf6 5. Nxf6+ exf6 6. Be3 Bd6 7. Bd3 Na6 8. a3 Nc7 9. c4 0-0 10. Qc2 g6 11. Ne2 Ne6 12. 0-0 f5 13. d5 cxd5 14. cxd5 Nc7 15. Bc4 Re8 16. Rad1 Bd7 17. Ba2 Qh4 18. g3 Qg4 19. Rfe1 Rac8 20. Qd2 Bb5 21. Nd4 Bd7 22. Kg2 a6 23. f3 Qh5 24. Bf4 Bf8 25. d6 Rxe1 26. Rxe1 Ne8 27. Ne6 Nf6 28. Ng5 Bc6 29. Qd3 Bb5 30. Bxf7+ Kg7 31. Qb3 h6 32. Ne6+ Kxf7 33. Nd8+ Kg7 34. Qf7+ Kh8 35. Qxf8+ 1-0

[Event "AUT-chT2O 2223"]
[Site "Austria"]
[Date "2023.04.22"]
[Round "10.5"]
[White "Prager, Manfred1111"]
[Black "Miazhynski, Michael"]
[Result "1/2-1/2"]
[WhiteElo "1960"]
[BlackElo "2124"]
[PlyCount "104"]
[EventDate "2022.10.15"]
[EventType "team-tourn"]
[EventRounds "11"]
[EventCountry "AUT"]
[SourceTitle "EXT 2024"]
[Source "ChessBase"]
[SourceDate "2023.10.10"]
[SourceVersion "1"]
[SourceVersionDate "2023.10.10"]
[SourceQuality "1"]
[WhiteTeam "Hietzing"]
[BlackTeam "Kottingbrunn"]
[WhiteTeamCountry "AUT"]
[BlackTeamCountry "AUT"]

1. e4 c6 2. d4 d5 3. Nc3 dxe4 4. Nxe4 Nf6 5. Ng3 g6 6. Nf3 Bg7 7. h3 0-0 8. Bc4 c5 9. 0-0 Qc7 10. dxc5 Qxc5 11. Qe2 Nc6 12. Be3 Qa5 13. Bd2 Qc7 14. Bc3 b6 15. Rfe1 Bb7 16. Ba6 Rfe8 17. Bxb7 Qxb7 18. Ne4 Nxe4 19. Bxg7 Ng3 20. fxg3 Kxg7 21. Ne5 Nxe5 22. Qxe5+ Kg8 23. c4 Rac8 24. b3 Rc5 25. Qe3 e5 26. g4 e4 27. Rad1 Rce5 28. Re2 Qc7 29. Qd4 e3 30. Rd3 Qe7 31. g3 Re6 32. Kg2 Qb7+ 33. Qd5 Qc7 34. Qd4 Qe7 35. a3 Re5 36. Kg1 Qxa3 37. Rdxe3 Rxe3 38. Rxe3 Qc1+ 39. Kf2 Qc2+ 40. Kg1 Rxe3 41. Qxe3 Qb2 42. g5 Kg7 43. h4 Qb1+ 44. Kg2 Qc2+ 45. Kg1 Qd1+ 46. Kg2 Qd6 47. Qc3+ f6 48. b4 Qe5 49. gxf6+ Kxf6 50. Qf3+ Qf5 51. Qc3+ Qe5 52. Qf3+ Qf5 1/2-1/2

[Event "AUT-ch U18"]
[Site "St Veit"]
[Date "2023.04.06"]
[Round "7"]
[White "Lerch, Johannes"]
[Black "Miazhynski, Michael"]
[Result "1-0"]
[WhiteElo "2303"]
[BlackElo "2160"]
[PlyCount "65"]
[EventDate "2023.04.02"]
[EventType "swiss"]
[EventRounds "7"]
[EventCountry "AUT"]
[SourceTitle "EXT 2024"]
[Source "ChessBase"]
[SourceDate "2023.10.10"]
[SourceVersion "1"]
[SourceVersionDate "2023.10.10"]
[SourceQuality "1"]

1. e4 d6 2. d4 Nf6 3. Nc3 e5 4. dxe5 dxe5 5. Qxd8+ Kxd8 6. Bc4 Ke8 7. f3 Bc5 8. Bg5 c6 9. a4 Be6 10. Bxe6 fxe6 11. Nb1 Nbd7 12. Nd2 h6 13. Bh4 g5 14. Bg3 Nh5 15. Bf2 Nf4 16. g3 Ng6 17. Bxc5 Nxc5 18. b4 Nd7 19. Nc4 Ke7 20. Nh3 Nb6 21. Na5 Rad8 22. Nxb7 Rd4 23. Na5 Rc8 24. b5 cxb5 25. axb5 Kf6 26. Nc6 Rc4 27. Rxa7 Rxc2 28. Nf2 h5 29. Nd3 Nc4 30. 0-0 h4 31. Nf2 Nf8 32. Ng4+ Kg6 33. Ne7+ 1-0

[Event "Titled Tuesday intern op 7th Mar Early"]
[Site "Chess.com INT"]
[Date "2023.03.07"]
[Round "5"]
[White "Miazhynski, Michael"]
[Black "Rios Escobar, Adan"]
[Result "1-0"]
[WhiteElo "2146"]
[BlackElo "2276"]
[PlyCount "51"]
[EventDate "2023.03.07"]
[EventType "swiss (blitz)"]
[EventRounds "11"]
[EventCountry "USA"]
[SourceTitle "EXT 2024"]
[Source "ChessBase"]
[SourceDate "2023.10.10"]
[SourceVersion "1"]
[SourceVersionDate "2023.10.10"]
[SourceQuality "1"]

1. e4 c5 2. Nf3 d6 3. Bb5+ Nd7 4. a4 Ngf6 5. Nc3 g6 6. 0-0 a6 7. Be2 Bg7 8. d3 0-0 9. Nd2 b6 10. Nc4 Bb7 11. f4 Qc7 12. h3 Bc6 13. Ne3 e6 14. f5 exf5 15. exf5 d5 16. Bf3 d4 17. Ncd5 Qd8 18. Nxf6+ Qxf6 19. Ng4 Qd6 20. Bf4 Bxf3 21. Bxd6 Bxd1 22. Bxf8 Bxc2 23. Bxg7 Kxg7 24. f6+ Kg8 25. Rf3 Re8 26. Kf2 1-0

[Event "Titled Tuesday intern op 03rd Jan Early"]
[Site "Chess.com INT"]
[Date "2023.01.03"]
[Round "7"]
[White "Mogirzan, Matei Valeriu"]
[Black "Miazhynski, Michael"]
[Result "1-0"]
[WhiteElo "1813"]
[BlackElo "2187"]
[PlyCount "71"]
[EventDate "2023.01.03"]
[EventType "swiss (blitz)"]
[EventRounds "11"]
[EventCountry "USA"]
[SourceTitle "EXT 2024"]
[Source "ChessBase"]
[SourceDate "2023.10.10"]
[SourceVersion "1"]
[SourceVersionDate "2023.10.10"]
[SourceQuality "1"]

1. e4 c6 2. d4 d5 3. Nc3 dxe4 4. Nxe4 Nf6 5. Nxf6+ exf6 6. Bd3 Bd6 7. Qh5 Na6 8. c3 Nc7 9. Nf3 Be6 10. 0-0 Qd7 11. Nd2 0-0-0 12. Qa5 Kb8 13. Ne4 Nd5 14. a3 Bc7 15. Qa4 f5 16. Nc5 Qd6 17. f4 Nb6 18. Qc2 g6 19. a4 Rhe8 20. a5 Nd7 21. b4 Bd5 22. Ba3 g5 23. b5 Nxc5 24. Bxc5 Qh6 25. b6 Bxf4 26. Rxf4 gxf4 27. a6 axb6 28. axb7 bxc5 29. Qb2 Kc7 30. Bxf5 Rg8 31. b8Q+ Rxb8 32. Ra7+ Kd6 33. dxc5+ Kxc5 34. Qa3+ Kb5 35. Qa4+ Kb6 36. Qa5# 1-0

[Event "AUT-ch"]
[Site "Vienna"]
[Date "2022.08.17"]
[Round "7"]
[White "Miazhynski, Michael"]
[Black "Steiner, Bruno"]
[Result "1-0"]
[WhiteElo "2036"]
[BlackElo "2126"]
[PlyCount "69"]
[EventDate "2022.08.12"]
[EventType "swiss"]
[EventRounds "9"]
[EventCountry "AUT"]
[SourceTitle "CBM 209 Extra"]
[Source "ChessBase"]
[SourceDate "2022.09.30"]
[SourceVersion "1"]
[SourceVersionDate "2022.09.30"]
[SourceQuality "1"]

1. e4 e5 2. Nf3 d6 3. d4 exd4 4. Nxd4 Nf6 5. Nc3 Be7 6. g3 0-0 7. Bg2 Re8 8. 0-0 c6 9. h3 Bf8 10. Re1 a5 11. Be3 Nbd7 12. f4 Nc5 13. Bf2 Qc7 14. a4 Bd7 15. Kh2 Rad8 16. g4 d5 17. e5 Nfe4 18. Nxe4 Nxe4 19. Bxe4 dxe4 20. Qe2 c5 21. Nb5 Qc8 22. Qxe4 f5 23. Qe2 fxg4 24. Rad1 gxh3 25. Bh4 Bxb5 26. axb5 Be7 27. Bxe7 Rxe7 28. Rxd8+ Qxd8 29. Kxh3 Qd4 30. Qf3 Qd7+ 31. f5 Qxb5 32. f6 Re6 33. Qg4 Qd7 34. Rd1 Qf7 35. Rd8+ 1-0

[Event "AUT-ch"]
[Site "Vienna"]
[Date "2022.08.15"]
[Round "4"]
[White "Kristoferitsch, Daniel"]
[Black "Miazhynski, Michael"]
[Result "1-0"]
[WhiteElo "2303"]
[BlackElo "2036"]
[PlyCount "85"]
[EventDate "2022.08.12"]
[EventType "swiss"]
[EventRounds "9"]
[EventCountry "AUT"]
[SourceTitle "CBM 209 Extra"]
[Source "ChessBase"]
[SourceDate "2022.09.30"]
[SourceVersion "1"]
[SourceVersionDate "2022.09.30"]
[SourceQuality "1"]

1. d4 Nf6 2. c4 c5 3. d5 b5 4. cxb5 a6 5. bxa6 g6 6. Nc3 Bg7 7. e4 0-0 8. a7 Rxa7 9. Nf3 e6 10. Be2 exd5 11. exd5 d6 12. 0-0 Na6 13. Nb5 Rd7 14. Bc4 Bb7 15. Qb3 Qa8 16. Rd1 Nc7 17. Nxc7 Rxc7 18. Bf4 Rd8 19. a4 Ba6 20. Nd2 Rb7 21. Qd3 Rb4 22. Bg5 Bxc4 23. Nxc4 Qa6 24. b3 Rdb8 25. Ra3 Re8 26. Bd2 Rb7 27. Bc3 Rbe7 28. Kf1 Ng4 29. Bxg7 Kxg7 30. h3 Nh6 31. Ne3 Qa5 32. Qd2 Qa6+ 33. Kg1 f5 34. a5 f4 35. Nc4 Rf7 36. Re1 Rxe1+ 37. Qxe1 Nf5 38. Qe8 Qb7 39. a6 Qxd5 40. a7 Ng3 41. Ra1 Qd3 42. a8Q Ne2+ 43. Kh1 1-0